Методы анализа фосфатного сырья, фосфорных и комплексных удобрений, кормовых фосфатов

Bibliografski detalji
Jezik:ruski
Izdano: Москва, Химия, 1975
Serija:Производство минеральных удобрений
Teme:
Format: MixedMaterials Knjiga
KOHA link:https://koha.lib.tpu.ru/cgi-bin/koha/opac-detail.pl?biblionumber=104561

MARC

LEADER 00000nam0a2200000 4500
001 104561
005 20231031114049.0
035 |a (RuTPU)RU\TPU\book\112746 
090 |a 104561 
100 |a 20061102d1975 m y0rusy50 ca 
101 0 |a rus 
102 |a RU 
105 |a a z 001zy 
200 1 |a Методы анализа фосфатного сырья, фосфорных и комплексных удобрений, кормовых фосфатов 
210 |a Москва  |c Химия  |d 1975 
215 |a 218 с.  |c черт. 
225 1 |a Производство минеральных удобрений 
320 |a Библиогр.: с. 205-208. 
610 1 |a фосфорные удобрения 
610 1 |a производство 
610 1 |a технохимический контроль 
610 1 |a фосфаты 
610 1 |a химический анализ 
675 |a 661.63  |v 3 
801 1 |a RU  |b 63413507  |c 20061102  |g PSBO 
801 2 |a RU  |b 63413507  |c 20070326  |g PSBO 
942 |c BK